[Event "DEN-ch"]
[Site "Odense"]
[Date "1994.??.??"]
[Round "9"]
[White "Berg, Klaus"]
[Black "Hansen, Lars Bo"]
[Result "0-1"]
[WhiteElo "2440"]
[BlackElo "2545"]
[PlyCount "84"]
[EventDate "1994.07.??"]
[EventType "tourn"]
[EventRounds "9"]
[EventCountry "DEN"]
[EventCategory "10"]
[Source "ChessBase"]
[SourceDate "1994.08.01"]

1. e4 e6 2. d4 d5 3. Nd2 c5 4. Ngf3 cxd4 5. exd5 Qxd5 6. Bc4 Qd6 7. O-O Nf6 8.
Nb3 Nc6 9. Nbxd4 Nxd4 10. Nxd4 a6 11. Re1 Qc7 12. Bb3 Bd7 13. Qf3 Bd6 14. h3
O-O-O 15. a4 Kb8 16. Bg5 Rhg8 17. Rad1 Ka8 18. Kh1 h6 19. Bxf6 gxf6 20. Qxf6
Rdf8 21. Qf3 Bc5 22. c3 Rg6 23. Re4 e5 24. Nf5 Rf6 25. g4 h5 26. Rxd7 Qxd7 27.
Rxe5 hxg4 28. hxg4 Ba7 29. Qe4 Qc7 30. Kg2 Rh8 31. Bd5 Rb6 32. Re8+ Rxe8 33.
Qxe8+ Bb8 34. Qxf7 Qh2+ 35. Kf1 Rxb2 36. Ne3 Ka7 37. Bg2 Rb1+ 38. Ke2 Qg1 39.
Bf1 Rb2+ 40. Ke1 Rb1+ 41. Nd1 Qxg4 42. Qd5 Qxa4 0-1

[Event "DEN-ch"]
[Site "Odense"]
[Date "1994.??.??"]
[Round "7"]
[White "Berg, Klaus"]
[Black "Sahl, Bjarke"]
[Result "0-1"]
[WhiteElo "2440"]
[BlackElo "2465"]
[PlyCount "80"]
[EventDate "1994.07.??"]
[EventType "tourn"]
[EventRounds "9"]
[EventCountry "DEN"]
[EventCategory "10"]
[Source "ChessBase"]
[SourceDate "1994.08.01"]

1. c4 f5 2. g3 Nf6 3. Bg2 g6 4. Nc3 Bg7 5. e3 O-O 6. Nge2 c6 7. O-O Na6 8. d3
d6 9. b3 Bd7 10. Bb2 Qe8 11. Qd2 Rd8 12. Rab1 Bc8 13. Ba1 e5 14. b4 g5 15. f4
h6 16. a3 Nc7 17. b5 Ne6 18. bxc6 bxc6 19. d4 gxf4 20. exf4 exd4 21. Nxd4 Nxd4
22. Qxd4 Ng4 23. Qxa7 Rd7 24. Qa5 Qe3+ 25. Kh1 Ra7 26. Qb6 Bd4 27. Nd1 Bxb6 28.
Nxe3 Nxe3 29. Rxb6 Nxf1 30. Bxf1 Rxa3 31. Bb2 Ra6 32. Rb8 Ra7 33. c5 d5 34. Be5
Bb7 35. Bd3 Rxb8 36. Bxb8 Ra8 37. Be5 Bc8 38. Kg2 Ra3 39. Bf1 Ba6 40. Bxa6 Rxa6
0-1

[Event "DEN-ch"]
[Site "Odense"]
[Date "1994.??.??"]
[Round "5"]
[White "Berg, Klaus"]
[Black "Pedersen, Steffen"]
[Result "0-1"]
[WhiteElo "2440"]
[BlackElo "2420"]
[PlyCount "112"]
[EventDate "1994.07.??"]
[EventType "tourn"]
[EventRounds "9"]
[EventCountry "DEN"]
[EventCategory "10"]
[Source "ChessBase"]
[SourceDate "1994.08.01"]

1. e4 c5 2. Nc3 d6 3. g3 g6 4. Bg2 Bg7 5. d3 e6 6. Be3 Nc6 7. Qd2 Rb8 8. Nge2
Nge7 9. Bh6 O-O 10. Bxg7 Kxg7 11. O-O b5 12. f4 Bd7 13. Kh1 b4 14. Nd1 Nd4 15.
Ne3 Nxe2 16. Qxe2 f5 17. Rad1 Qc7 18. Rfe1 Rfe8 19. g4 d5 20. gxf5 exf5 21.
exd5 Qxf4 22. Qd2 Ng8 23. Re2 Nf6 24. Rf1 Qc7 25. Nc4 Rxe2 26. Qxe2 Re8 27. Qd2
Bb5 28. Re1 Bxc4 29. Rxe8 Nxe8 30. dxc4 Qe5 31. Qf2 Nd6 32. b3 Qa1+ 33. Bf1 Ne4
34. Qf4 Qf6 35. Bd3 Qd6 36. Qe3 Nf6 37. Qe1 Ng4 38. Qe2 Ne5 39. Qf2 Ng4 40. Qe2
Kf7 41. h3 Nf6 42. Qf2 Nd7 43. Qh4 Nf6 44. Kg2 Ke7 45. Qh6 Kf7 46. Qh4 Qe5 47.
Qf2 Nd7 48. Qh4 Nf6 49. Qf2 Qe7 50. Qf4 Nh5 51. Qb8 Qe3 52. Qxa7+ Kf6 53. Qxh7
Nf4+ 54. Kf1 Qf3+ 55. Ke1 Ng2+ 56. Kd2 Qe3+ 0-1

[Event "DEN-ch"]
[Site "Odense"]
[Date "1994.??.??"]
[Round "7"]
[White "Danielsen, Henrik"]
[Black "Pedersen, Steffen"]
[Result "1-0"]
[WhiteElo "2480"]
[BlackElo "2420"]
[PlyCount "88"]
[EventDate "1994.07.??"]
[EventType "tourn"]
[EventRounds "9"]
[EventCountry "DEN"]
[EventCategory "10"]
[Source "ChessBase"]
[SourceDate "1994.08.01"]

1. d4 f5 2. g3 Nf6 3. Bg2 g6 4. Nh3 Bg7 5. c3 Nc6 6. Qb3 e6 7. Bg5 d6 8. Nf4
Qe7 9. Nd2 e5 10. Nd5 Qf7 11. Nxf6+ Bxf6 12. Bd5 Qe7 13. Bxf6 Qxf6 14. Qb5 Kd8
15. Bxc6 bxc6 16. Qxc6 Rb8 17. dxe5 Qxe5 18. Nc4 Qe8 19. Qxe8+ Rxe8 20. b3 Ba6
21. Ne3 g5 22. c4 Bb7 23. Rg1 f4 24. gxf4 gxf4 25. Nc2 Be4 26. Rc1 Kd7 27. Kd2
Bxc2 28. Rxc2 Rg8 29. Rcc1 Ke6 30. e3 a5 31. exf4 a4 32. Rxg8 Rxg8 33. bxa4 Rg2
34. Ke3 Rxh2 35. a5 Rh3+ 36. f3 Rh2 37. Ra1 Rh5 38. a6 Ra5 39. Rh1 h5 40. Ke4
c6 41. f5+ Rxf5 42. a7 Ra5 43. Rxh5 d5+ 44. Kf4 Rxa2 1-0

[Event "DEN-ch"]
[Site "Odense"]
[Date "1994.??.??"]
[Round "4"]
[White "Danielsen, Henrik"]
[Black "Berg, Klaus"]
[Result "1-0"]
[WhiteElo "2480"]
[BlackElo "2440"]
[PlyCount "109"]
[EventDate "1994.07.??"]
[EventType "tourn"]
[EventRounds "9"]
[EventCountry "DEN"]
[EventCategory "10"]
[Source "ChessBase"]
[SourceDate "1994.08.01"]

1. d4 Nf6 2. Nf3 g6 3. c3 Bg7 4. Bg5 O-O 5. Nbd2 d5 6. e3 Nbd7 7. Be2 Re8 8.
Qb3 c6 9. O-O Qb6 10. Qxb6 Nxb6 11. Bd3 Nbd7 12. c4 b6 13. Rab1 Bb7 14. b4 Rac8
15. Rfc1 h6 16. Bh4 g5 17. Bg3 dxc4 18. Nxc4 Nh5 19. Be5 Nxe5 20. Nfxe5 Nf6 21.
Rc2 Rc7 22. Rbc1 Bf8 23. Na3 Rcc8 24. Nxc6 Nd5 25. b5 e5 26. Nb1 exd4 27. Nxd4
Rxc2 28. Bxc2 Rc8 29. Rd1 Bg7 30. Bb3 Ne7 31. Ne2 Kf8 32. f3 Ke8 33. Kf2 Rc5
34. Na3 Bd5 35. e4 Bxb3 36. axb3 Ng6 37. Nc4 Ke7 38. Ng3 Bf8 39. Ra1 Rxb5 40.
Rxa7+ Ke6 41. Nd2 Bc5+ 42. Kf1 Nh4 43. Ne2 Be3 44. Ra2 Rb4 45. Rb2 f5 46. Nc4
Bc5 47. Ng3 f4 48. Ne2 Ng6 49. Rb1 Ne5 50. Nxe5 Kxe5 51. h3 Rb5 52. Nc3 Rb4 53.
Ke2 Bd4 54. Nd5 Rb5 55. b4 1-0

[Event "DEN-ch"]
[Site "Odense"]
[Date "1994.??.??"]
[Round "9"]
[White "Danielsen, Henrik"]
[Black "Sahl, Bjarke"]
[Result "1/2-1/2"]
[WhiteElo "2480"]
[BlackElo "2465"]
[PlyCount "113"]
[EventDate "1994.07.??"]
[EventType "tourn"]
[EventRounds "9"]
[EventCountry "DEN"]
[EventCategory "10"]
[Source "ChessBase"]
[SourceDate "1994.08.01"]

1. d4 Nf6 2. Nf3 g6 3. c4 Bg7 4. g3 O-O 5. Bg2 d6 6. Nc3 Nbd7 7. O-O e5 8. h3
Re8 9. Be3 h6 10. dxe5 dxe5 11. Qb3 c6 12. Rfd1 Qa5 13. Nd2 Nc5 14. Bxc5 Qxc5
15. Nde4 Nxe4 16. Nxe4 Qb6 17. Qa3 Be6 18. c5 Qc7 19. Nd6 Red8 20. Rd2 a6 21.
Rad1 Rd7 22. e4 Rad8 23. f4 Bf8 24. Kh2 h5 25. f5 gxf5 26. exf5 Bxf5 27. Qe3
Bg6 28. Qxe5 Bh6 29. Re2 Bg7 30. Qf4 Qa5 31. b4 Qa3 32. Rde1 a5 33. Qg5 Qc3 34.
bxa5 Qf6 35. Re8+ Kh7 36. Qc1 Rxe8 37. Nxe8 Qf2 38. Nd6 h4 39. gxh4 Qxh4 40.
Kh1 Bh6 41. Qc3 Bg7 42. Qc1 Bd4 43. Rf1 Re7 44. Qc4 f5 45. Rd1 Re1+ 46. Rxe1
Qxe1+ 47. Qf1 Qxa5 48. Nxb7 Qc7 49. Qe1 Qf4 50. Nd8 Be5 51. Qg1 Qg3 52. Nxc6
Bf4 53. Ne7 Be3 54. Qf1 Bf4 55. Qg1 Be3 56. Qf1 Bf4 57. Qg1 1/2-1/2

[Event "DEN-ch"]
[Site "Odense"]
[Date "1994.??.??"]
[Round "2"]
[White "Danielsen, Henrik"]
[Black "Hansen, Lars Bo"]
[Result "1/2-1/2"]
[WhiteElo "2480"]
[BlackElo "2545"]
[PlyCount "75"]
[EventDate "1994.07.??"]
[EventType "tourn"]
[EventRounds "9"]
[EventCountry "DEN"]
[EventCategory "10"]
[Source "ChessBase"]
[SourceDate "1994.08.01"]

1. d4 Nf6 2. Nf3 d5 3. c4 e6 4. cxd5 exd5 5. Nc3 c6 6. Bg5 Be7 7. Qc2 g6 8. e3
Bf5 9. Bd3 Bxd3 10. Qxd3 Nbd7 11. Bh6 Bf8 12. Bf4 Bg7 13. O-O Qe7 14. b4 a6 15.
a4 O-O 16. b5 c5 17. bxa6 bxa6 18. Rab1 Qe6 19. Be5 Rfc8 20. Rfd1 Rc6 21. Ne2
c4 22. Qc2 Rb6 23. Nc3 Bf8 24. a5 Rb4 25. h3 Qc6 26. Bf4 Rd8 27. Nd2 Re8 28.
Rdc1 Bd6 29. Bxd6 Qxd6 30. Qa2 Reb8 31. Qa1 R8b7 32. Rxb4 Rxb4 33. Qa3 Qb8 34.
Rb1 Rxb1+ 35. Ncxb1 Ne4 36. f3 Nxd2 37. Nxd2 Nf6 38. Qc3 1/2-1/2

[Event "DEN-ch"]
[Site "Odense"]
[Date "1994.??.??"]
[Round "9"]
[White "Hansen, Curt"]
[Black "Nielsen, Peter Heine"]
[Result "1/2-1/2"]
[WhiteElo "2580"]
[BlackElo "2475"]
[PlyCount "45"]
[EventDate "1994.07.??"]
[EventType "tourn"]
[EventRounds "9"]
[EventCountry "DEN"]
[EventCategory "10"]
[Source "ChessBase"]
[SourceDate "1994.08.01"]

1. d4 Nf6 2. Nf3 e6 3. g3 d5 4. Bg2 c5 5. O-O Nc6 6. c4 Be7 7. cxd5 Nxd5 8.
dxc5 Bxc5 9. Qc2 Qe7 10. a3 Bd7 11. b4 Bb6 12. Bb2 O-O 13. Nbd2 Rac8 14. Nc4
Bc7 15. Qb3 b5 16. Nce5 Nxe5 17. Bxe5 Bxe5 18. Nxe5 Nb6 19. Rac1 Rfd8 20. Bb7
Rxc1 21. Rxc1 Be8 22. Bf3 Rc8 23. Rxc8 1/2-1/2

[Event "DEN-ch"]
[Site "Odense"]
[Date "1994.??.??"]
[Round "1"]
[White "Hansen, Curt"]
[Black "Berg, Klaus"]
[Result "1-0"]
[WhiteElo "2580"]
[BlackElo "2440"]
[PlyCount "77"]
[EventDate "1994.07.??"]
[EventType "tourn"]
[EventRounds "9"]
[EventCountry "DEN"]
[EventCategory "10"]
[Source "ChessBase"]
[SourceDate "1994.08.01"]

1. c4 b6 2. d4 e6 3. Nc3 Bb4 4. e3 Bb7 5. Nge2 c5 6. a3 Bxc3+ 7. Nxc3 Nf6 8. d5
exd5 9. cxd5 O-O 10. Be2 a6 11. e4 d6 12. O-O Nbd7 13. a4 Re8 14. f3 Rc8 15. b3
Qe7 16. Kh1 Ne5 17. Be3 Rc7 18. Qd2 Bc8 19. Rab1 h6 20. Rfe1 Nh7 21. f4 Ng4 22.
Bg1 Qh4 23. Bf3 Rce7 24. b4 f5 25. bxc5 bxc5 26. Bxg4 fxg4 27. Bf2 Qh5 28. Bg3
g5 29. Kg1 Qg6 30. Rb6 Nf6 31. Rxd6 Qg7 32. f5 Rd7 33. Re6 Rde7 34. e5 Bxe6 35.
exf6 Qxf6 36. fxe6 Qd4+ 37. Qxd4 cxd4 38. Ne4 Rd8 39. Bd6 1-0

[Event "DEN-ch"]
[Site "Odense"]
[Date "1994.??.??"]
[Round "8"]
[White "Hansen, Lars Bo"]
[Black "Hansen, Curt"]
[Result "1/2-1/2"]
[WhiteElo "2545"]
[BlackElo "2580"]
[PlyCount "49"]
[EventDate "1994.07.??"]
[EventType "tourn"]
[EventRounds "9"]
[EventCountry "DEN"]
[EventCategory "10"]
[Source "ChessBase"]
[SourceDate "1994.08.01"]

1. d4 Nf6 2. Nf3 d5 3. c4 e6 4. Nc3 Bb4 5. cxd5 exd5 6. Qa4+ Nc6 7. Bg5 h6 8.
Bxf6 Qxf6 9. e3 O-O 10. Be2 Be6 11. O-O a6 12. Rfc1 Bd6 13. Qd1 Ne7 14. Na4 b6
15. a3 g5 16. Nd2 Qg7 17. Nf1 f5 18. Nc3 Kh8 19. b4 f4 20. e4 dxe4 21. Nxe4 Nf5
22. Nxd6 Nxd6 23. d5 Bg8 24. Ra2 Rfe8 25. Rac2 1/2-1/2

[Event "DEN-ch"]
[Site "Odense"]
[Date "1994.??.??"]
[Round "5"]
[White "Hansen, Lars Bo"]
[Black "Sahl, Bjarke"]
[Result "1/2-1/2"]
[WhiteElo "2545"]
[BlackElo "2465"]
[PlyCount "123"]
[EventDate "1994.07.??"]
[EventType "tourn"]
[EventRounds "9"]
[EventCountry "DEN"]
[EventCategory "10"]
[Source "ChessBase"]
[SourceDate "1994.08.01"]

1. e4 c5 2. Nf3 Nc6 3. c3 e5 4. Bc4 Qc7 5. d3 d6 6. Na3 Nf6 7. Nb5 Qd7 8. Ng5
Nd8 9. Qa4 Ke7 10. d4 a6 11. dxe5 dxe5 12. Be3 axb5 13. Qxa8 bxc4 14. Bxc5+ Ke8
15. Bb6 Be7 16. O-O Qc6 17. Rad1 Nd7 18. Be3 f6 19. Nf3 Kf7 20. Qa5 Qxe4 21. b4
cxb3 22. axb3 Qc6 23. c4 Ne6 24. Qc3 b5 25. Qc2 bxc4 26. bxc4 g6 27. Ra1 Ba6
28. Rfc1 Rc8 29. Qd1 Ndc5 30. Rc3 Rd8 31. Qb1 Nd4 32. Bxd4 exd4 33. Rc1 Bb7 34.
Re1 Rd7 35. Ra2 Kg7 36. Rae2 Bd8 37. Re8 f5 38. h4 Bf6 39. h5 d3 40. Rd1 gxh5
41. Qb4 h4 42. Qd2 Rd4 43. Qe3 Re4 44. Rxe4 fxe4 45. Nh2 h5 46. Rb1 Ba6 47. Nf1
Kg6 48. Qc1 Ne6 49. Ne3 Nd4 50. Qa3 Nc2 51. Qa5 Nxe3 52. fxe3 Qxc4 53. Rb6 Qc1+
54. Kf2 Qc2+ 55. Kg1 h3 56. Rxf6+ Kxf6 57. Qxa6+ Kg5 58. Qa5+ Kg4 59. gxh3+ Kh4
60. Qe1+ Kg5 61. Qg3+ Kf6 62. Qd6+ 1/2-1/2

[Event "DEN-ch"]
[Site "Odense"]
[Date "1994.??.??"]
[Round "1"]
[White "Hansen, Lars Bo"]
[Black "Schandorff, Lars"]
[Result "1-0"]
[WhiteElo "2545"]
[BlackElo "2430"]
[PlyCount "105"]
[EventDate "1994.07.??"]
[EventType "tourn"]
[EventRounds "9"]
[EventCountry "DEN"]
[EventCategory "10"]
[Source "ChessBase"]
[SourceDate "1994.08.01"]

1. d4 Nf6 2. Nf3 d5 3. c4 c6 4. cxd5 cxd5 5. Nc3 Nc6 6. Bf4 Ne4 7. e3 Nxc3 8.
bxc3 g6 9. Be2 Bg7 10. O-O O-O 11. c4 dxc4 12. Bxc4 b6 13. Rc1 Bb7 14. Qa4 a6
15. Qa3 Rc8 16. Qb2 b5 17. Be2 Qd7 18. a4 Na7 19. axb5 Nxb5 20. Qb4 Rxc1 21.
Rxc1 Rc8 22. Rxc8+ Bxc8 23. Ne5 Bxe5 24. Bxe5 Bb7 25. f3 f6 26. Bg3 Kf8 27. Be1
Qd6 28. Qb2 Qa3 29. Qxa3 Nxa3 30. Kf2 Nb5 31. h4 Kf7 32. Ba5 Bc6 33. Bd3 Bb7
34. g4 e6 35. Kg3 Bd5 36. Bb4 Bb7 37. g5 Nc7 38. Ba5 Nd5 39. e4 Ne7 40. Bc3 f5
41. Kf4 fxe4 42. fxe4 Nc6 43. Bc4 Ke7 44. d5 exd5 45. exd5 Nd8 46. Bb4+ Kd7 47.
Ke5 Nf7+ 48. Kf6 Nd6 49. Bb3 Ne8+ 50. Ke5 Kc8 51. d6 Bc6 52. Bg8 Ng7 53. Bxh7
1-0

[Event "DEN-ch"]
[Site "Odense"]
[Date "1994.??.??"]
[Round "3"]
[White "Hansen, Lars Bo"]
[Black "Pedersen, Steffen"]
[Result "1-0"]
[WhiteElo "2545"]
[BlackElo "2420"]
[PlyCount "145"]
[EventDate "1994.07.??"]
[EventType "tourn"]
[EventRounds "9"]
[EventCountry "DEN"]
[EventCategory "10"]
[Source "ChessBase"]
[SourceDate "1994.08.01"]

1. e4 e5 2. Nf3 d6 3. Bc4 Nf6 4. d4 Nxe4 5. dxe5 c6 6. Nbd2 Nxd2 7. Bxd2 d5 8.
Bd3 Be7 9. Qe2 Na6 10. c3 Nc5 11. Bc2 Bg4 12. h3 Bh5 13. Be3 Bg6 14. Bxc5 Bxc5
15. O-O-O Bxc2 16. Qxc2 Qe7 17. Rhe1 O-O 18. Kb1 Rae8 19. Re2 Qe6 20. Ne1 f6
21. Nd3 Bb6 22. Rde1 fxe5 23. Nxe5 Qf5 24. f3 Bc7 25. Nd3 Rxe2 26. Rxe2 Bd6 27.
c4 dxc4 28. Qxc4+ Qf7 29. Qd4 Rd8 30. Qxa7 Qd5 31. Qe3 Bc5 32. Qxc5 Qxd3+ 33.
Qc2 Qd5 34. Qb3 Qxb3 35. axb3 Kf7 36. Kc2 Rd5 37. Rd2 Rc5+ 38. Kd1 Ke7 39. Ke2
g6 40. f4 Rb5 41. Rd3 h5 42. g4 hxg4 43. hxg4 g5 44. fxg5 Rxg5 45. Rd4 Rb5 46.
b4 Kf6 47. Kf3 Kg5 48. Rc4 Kg6 49. Ke3 Kf6 50. Kd3 Rg5 51. Rf4+ Ke5 52. Ke3 Ke6
53. Kf3 Rd5 54. Kg3 Ke7 55. Rf2 Rd4 56. Kh4 Rxb4 57. Kh5 Rb3 58. g5 Rg3 59. Kh6
Rh3+ 60. Kg7 Rg3 61. g6 b5 62. Kh7 b4 63. g7 Rh3+ 64. Kg8 c5 65. Rf5 Rh2 66.
Rxc5 Rxb2 67. Rh5 Rg2 68. Kh8 Kf7 69. Rh7 Ke6 70. Rh4 Kd6 71. Rxb4 Rh2+ 72. Kg8
Ke7 73. Re4+ 1-0

[Event "DEN-ch"]
[Site "Odense"]
[Date "1994.??.??"]
[Round "1"]
[White "Larsen, Bent"]
[Black "Nielsen, Peter Heine"]
[Result "0-1"]
[WhiteElo "2560"]
[BlackElo "2475"]
[PlyCount "100"]
[EventDate "1994.07.??"]
[EventType "tourn"]
[EventRounds "9"]
[EventCountry "DEN"]
[EventCategory "10"]
[Source "ChessBase"]
[SourceDate "1994.08.01"]

1. e4 e5 2. Nf3 Nf6 3. Nc3 Nc6 4. Bb5 Bb4 5. O-O O-O 6. Bxc6 dxc6 7. d3 Bg4 8.
h3 Bh5 9. Qe2 Bxc3 10. bxc3 Nd7 11. Qe3 Bxf3 12. Qxf3 Qe7 13. Qg4 c5 14. Be3 c4
15. dxc4 Nb6 16. Rfb1 Nxc4 17. Bh6 Qf6 18. Bg5 Qc6 19. Rd1 f6 20. Bh6 Rf7 21.
Rd3 Kh8 22. Rad1 Nd6 23. Bc1 Qa4 24. Qe6 Re8 25. Qb3 Qxb3 26. axb3 Nxe4 27. f3
Nc5 28. Rd5 Ne6 29. Kf2 h5 30. g3 g5 31. Re1 Rg7 32. Re4 Rd8 33. Rxd8+ Nxd8 34.
f4 gxf4 35. gxf4 Nc6 36. fxe5 fxe5 37. Rh4 Rh7 38. b4 a6 39. Bd2 Kg7 40. c4 Kf6
41. c3 Ne7 42. c5 Nf5 43. Rc4 Rd7 44. Ke2 Rg7 45. Be1 Rg2+ 46. Kf3 Rh2 47. h4
Rh3+ 48. Ke2 Ke6 49. c6 b6 50. b5 axb5 0-1

[Event "DEN-ch"]
[Site "Odense"]
[Date "1994.??.??"]
[Round "1"]
[White "Mortensen, Erling"]
[Black "Danielsen, Henrik"]
[Result "1/2-1/2"]
[WhiteElo "2470"]
[BlackElo "2480"]
[PlyCount "57"]
[EventDate "1994.07.??"]
[EventType "tourn"]
[EventRounds "9"]
[EventCountry "DEN"]
[EventCategory "10"]
[Source "ChessBase"]
[SourceDate "1994.08.01"]

1. e4 c6 2. d4 d5 3. exd5 cxd5 4. c4 Nf6 5. Nc3 e6 6. Nf3 Bb4 7. cxd5 Nxd5 8.
Qb3 Nc6 9. Bd3 Qb6 10. Bd2 Ba5 11. Nxd5 exd5 12. Bc3 O-O 13. O-O Qxb3 14. axb3
Bb6 15. b4 Re8 16. b5 Ne7 17. Rfe1 Bf5 18. Bf1 f6 19. Nd2 Rad8 20. g3 Nc8 21.
Rxe8+ Rxe8 22. Nb3 Nd6 23. Nc5 Rd8 24. Na4 Bd7 25. Nxb6 axb6 26. Bg2 Be6 27.
Bf1 Bd7 28. Bg2 Be6 29. Bf1 1/2-1/2

[Event "DEN-ch"]
[Site "Odense"]
[Date "1994.??.??"]
[Round "6"]
[White "Mortensen, Erling"]
[Black "Hansen, Lars Bo"]
[Result "1/2-1/2"]
[WhiteElo "2470"]
[BlackElo "2545"]
[PlyCount "97"]
[EventDate "1994.07.??"]
[EventType "tourn"]
[EventRounds "9"]
[EventCountry "DEN"]
[EventCategory "10"]
[Source "ChessBase"]
[SourceDate "1994.08.01"]

1. e4 e5 2. Nf3 Nc6 3. Bb5 a6 4. Ba4 Nf6 5. O-O Be7 6. Qe2 b5 7. Bb3 O-O 8. c3
d6 9. Rd1 Na5 10. Bc2 c5 11. d4 Qc7 12. h3 Re8 13. d5 Nc4 14. b3 Nb6 15. a4 Bd7
16. c4 b4 17. Nbd2 Nh5 18. Nf1 Bf6 19. N1h2 Nf4 20. Qf1 Qd8 21. Kh1 g6 22. Ng1
Bg7 23. g3 Nh5 24. Ne2 Bc8 25. Qg2 Ra7 26. Rb1 Kh8 27. g4 Nf6 28. Ng3 Ng8 29.
Rf1 Bh6 30. Bxh6 Nxh6 31. f4 exf4 32. Rxf4 Nd7 33. Rbf1 Ne5 34. Nf3 g5 35. Nxe5
gxf4 36. Nc6 Qh4 37. Nxa7 fxg3 38. Nxc8 Rxc8 39. Kg1 f6 40. Qf3 f5 41. Kg2 fxg4
42. Qf6+ Qxf6 43. Rxf6 gxh3+ 44. Kxg3 Rg8+ 45. Kxh3 Rg6 46. Rf1 Rg5 47. Rf6 Rg6
48. Rf1 Rg5 49. Rf6 1/2-1/2

[Event "DEN-ch"]
[Site "Odense"]
[Date "1994.??.??"]
[Round "3"]
[White "Mortensen, Erling"]
[Black "Larsen, Bent"]
[Result "1/2-1/2"]
[WhiteElo "2470"]
[BlackElo "2560"]
[PlyCount "107"]
[EventDate "1994.07.??"]
[EventType "tourn"]
[EventRounds "9"]
[EventCountry "DEN"]
[EventCategory "10"]
[Source "ChessBase"]
[SourceDate "1994.08.01"]

1. e4 c5 2. Nf3 d6 3. d4 cxd4 4. Nxd4 Nf6 5. Nc3 Bd7 6. Bc4 Nc6 7. O-O g6 8.
Nxc6 Bxc6 9. Nd5 Bg7 10. Bg5 Bxd5 11. exd5 O-O 12. Re1 h6 13. Bh4 a6 14. a4 Re8
15. c3 Nd7 16. Bb3 Bf6 17. Bxf6 exf6 18. Qd4 Re5 19. f4 Rxe1+ 20. Rxe1 b5 21.
Bd1 Qb6 22. Re7 Qxd4+ 23. cxd4 Nb6 24. a5 Kf8 25. Rb7 Nc4 26. b4 Ne3 27. Bf3
Nc2 28. Rd7 Nxb4 29. Rxd6 Ke7 30. Rb6 Rd8 31. g3 f5 32. Kf2 h5 33. Ke2 Rc8 34.
d6+ Kd7 35. Rb7+ Kxd6 36. Rxf7 Rc2+ 37. Kd1 Ke6 38. Rg7 Kf6 39. Rb7 Rxh2 40.
Rb6+ Kf7 41. Bb7 h4 42. gxh4 Rxh4 43. Kd2 Rh3 44. Bxa6 Rd3+ 45. Ke2 Rxd4 46.
Bxb5 Rxf4 47. a6 Nxa6 48. Bxa6 Kg7 49. Bd3 Rh4 50. Rd6 Rf4 51. Ke3 Rh4 52. Kf3
Rg4 53. Rc6 Rh4 54. Rd6 1/2-1/2

[Event "DEN-ch"]
[Site "Odense"]
[Date "1994.??.??"]
[Round "5"]
[White "Mortensen, Erling"]
[Black "Nielsen, Peter Heine"]
[Result "0-1"]
[WhiteElo "2470"]
[BlackElo "2475"]
[PlyCount "126"]
[EventDate "1994.07.??"]
[EventType "tourn"]
[EventRounds "9"]
[EventCountry "DEN"]
[EventCategory "10"]
[Source "ChessBase"]
[SourceDate "1994.08.01"]

1. e4 e5 2. Nf3 Nc6 3. Bb5 a6 4. Ba4 Nf6 5. O-O Be7 6. Re1 b5 7. Bb3 d6 8. c3
O-O 9. h3 Na5 10. Bc2 c5 11. d4 Qc7 12. Nbd2 Bd7 13. dxe5 dxe5 14. Nh2 Rad8 15.
Qf3 Rfe8 16. Nhf1 Be6 17. Ne3 c4 18. Nf5 Bf8 19. Nf1 Nd7 20. N1e3 Nc5 21. Nd5
Bxd5 22. exd5 Qb7 23. Qg4 f6 24. Be3 g6 25. Nh6+ Bxh6 26. Bxc5 Bg7 27. Bb4 Qb6
28. a4 Nb7 29. axb5 axb5 30. b3 f5 31. Qe2 cxb3 32. Bxb3 Nc5 33. Qe3 Rc8 34.
d6+ Kh8 35. Bxc5 Rxc5 36. Ra6 Qxa6 37. Qxc5 Rd8 38. Rxe5 h5 39. Re6 Qa1+ 40.
Kh2 Qxc3 41. Qb6 Rf8 42. Qxb5 Qd4 43. Kg1 Kh7 44. d7 Ra8 45. g3 h4 46. gxh4
Ra1+ 47. Kg2 Qxh4 48. Qd3 Bd4 49. Qd2 f4 50. Qe2 Rg1+ 51. Kxg1 Qg3+ 52. Kf1
Qxh3+ 53. Ke1 Qc3+ 54. Qd2 Bxf2+ 55. Kd1 Qxb3+ 56. Qc2 Qxe6 57. Qxf2 Qxd7+ 58.
Ke2 Qg4+ 59. Kf1 Qh3+ 60. Ke2 Qg4+ 61. Kf1 Kh6 62. Qh2+ Kg5 63. Kf2 Qh4+ 0-1

[Event "DEN-ch"]
[Site "Odense"]
[Date "1994.??.??"]
[Round "8"]
[White "Mortensen, Erling"]
[Black "Berg, Klaus"]
[Result "1/2-1/2"]
[WhiteElo "2470"]
[BlackElo "2440"]
[PlyCount "73"]
[EventDate "1994.07.??"]
[EventType "tourn"]
[EventRounds "9"]
[EventCountry "DEN"]
[EventCategory "10"]
[Source "ChessBase"]
[SourceDate "1994.08.01"]

1. e4 c6 2. d4 d5 3. e5 Bf5 4. Nc3 e6 5. g4 Bg6 6. Nge2 c5 7. Be3 Nc6 8. dxc5
Nxe5 9. Nd4 Nd7 10. f4 Bxc5 11. Bb5 Ne7 12. Qe2 O-O 13. O-O-O a6 14. Bxd7 Qxd7
15. h4 Rac8 16. h5 Be4 17. Nxe4 dxe4 18. h6 g6 19. Nf5 Nd5 20. Bxc5 Rxc5 21.
Qxe4 Qc7 22. Ne3 Nxe3 23. Qxe3 Rxc2+ 24. Kb1 Rc4 25. Rd4 Rc8 26. a3 Kf8 27.
Rhd1 Rxd4 28. Qxd4 Ke8 29. g5 b5 30. Ka1 Rd8 31. Qh8+ Ke7 32. Qf6+ Ke8 33. Re1
Qc2 34. Rxe6+ fxe6 35. Qxe6+ Kf8 36. Qf6+ Ke8 37. Qe6+ 1/2-1/2

[Event "DEN-ch"]
[Site "Odense"]
[Date "1994.??.??"]
[Round "2"]
[White "Nielsen, Peter Heine"]
[Black "Berg, Klaus"]
[Result "1-0"]
[WhiteElo "2475"]
[BlackElo "2440"]
[PlyCount "79"]
[EventDate "1994.07.??"]
[EventType "tourn"]
[EventRounds "9"]
[EventCountry "DEN"]
[EventCategory "10"]
[Source "ChessBase"]
[SourceDate "1994.08.01"]

1. Nf3 Nf6 2. c4 d6 3. Nc3 Bg4 4. d4 g6 5. e4 Bg7 6. Be2 Nc6 7. Be3 O-O 8. O-O
Nd7 9. Rc1 e5 10. d5 Bxf3 11. Bxf3 Nd4 12. Bg4 f5 13. Bh3 f4 14. Bd2 f3 15. g3
Nc5 16. Be3 a5 17. Re1 h5 18. Nb5 Ne2+ 19. Rxe2 fxe2 20. Qxe2 Kh7 21. Bxc5 dxc5
22. Rd1 Rf6 23. Be6 Qe7 24. h4 Raf8 25. Rf1 Rf3 26. Bf5 R3xf5 27. exf5 Rxf5 28.
Nc3 Rf8 29. Ne4 Bh6 30. Rd1 Rd8 31. Qc2 b6 32. Qa4 Qf7 33. Qc6 Rf8 34. d6 cxd6
35. Rxd6 Qf5 36. Kh2 Rf7 37. Qd5 Qf3 38. Rxb6 Be3 39. Qxe5 Bxf2 40. Ng5+ 1-0

[Event "DEN-ch"]
[Site "Odense"]
[Date "1994.??.??"]
[Round "8"]
[White "Nielsen, Peter Heine"]
[Black "Pedersen, Steffen"]
[Result "1/2-1/2"]
[WhiteElo "2475"]
[BlackElo "2420"]
[PlyCount "33"]
[EventDate "1994.07.??"]
[EventType "tourn"]
[EventRounds "9"]
[EventCountry "DEN"]
[EventCategory "10"]
[Source "ChessBase"]
[SourceDate "1994.08.01"]

1. d4 Nf6 2. Nf3 g6 3. Bg5 Bg7 4. c3 d6 5. Nbd2 O-O 6. e4 Nbd7 7. Bc4 e5 8.
dxe5 dxe5 9. O-O h6 10. Bh4 Qe7 11. Re1 b6 12. b4 Bb7 13. Qb3 a6 14. Rad1 b5
15. Bf1 c5 16. a4 Bc6 17. Bxf6 1/2-1/2

[Event "DEN-ch"]
[Site "Odense"]
[Date "1994.??.??"]
[Round "4"]
[White "Nielsen, Peter Heine"]
[Black "Schandorff, Lars"]
[Result "1/2-1/2"]
[WhiteElo "2475"]
[BlackElo "2430"]
[PlyCount "108"]
[EventDate "1994.07.??"]
[EventType "tourn"]
[EventRounds "9"]
[EventCountry "DEN"]
[EventCategory "10"]
[Source "ChessBase"]
[SourceDate "1994.08.01"]

1. Nf3 d5 2. d4 Nf6 3. c4 c6 4. Nc3 a6 5. a4 e6 6. g3 dxc4 7. Bg2 c5 8. O-O Nc6
9. dxc5 Qxd1 10. Nxd1 Bxc5 11. Be3 Bb4 12. Rc1 e5 13. Nd2 Bg4 14. f3 Be6 15.
Nxc4 O-O 16. f4 exf4 17. gxf4 Bd5 18. Nb6 Bxg2 19. Kxg2 Rad8 20. Rc4 Rfe8 21.
Kf3 Ba5 22. Bg1 Rd2 23. Be3 Rd6 24. Bc5 Rde6 25. b4 Bxb6 26. Bxb6 Nd7 27. Bc7
b5 28. axb5 axb5 29. Rc3 Nd4+ 30. Kg2 Rxe2+ 31. Nf2 Nf5 32. Rfc1 h6 33. Rd3 Nf6
34. Rc5 Ne4 35. Rxf5 Nxf2 36. Rd8 Nd3+ 37. Kg1 Re1+ 38. Kg2 R1e2+ 39. Kg1 Re1+
40. Kg2 Rxd8 41. Bxd8 Re4 42. Rxb5 Rxf4 43. Ba5 Rf2+ 44. Kg3 Ra2 45. h4 Ra3 46.
Kg2 Kh7 47. h5 g6 48. hxg6+ Kxg6 49. Bc7 Ra7 50. Bg3 f5 51. Ra5 Rb7 52. b5 f4
53. Ra3 Rd7 54. Bf2 Nxf2 1/2-1/2